书目信息 |
| 题名: |
一本书读懂校外托管机构运营与管理
|
|
| 作者: | 吴金蕊 主编 | |
| 分册: | ||
| 出版信息: | 北京 中华工商联合出版社 2020.09 |
|
| 页数: | 202页 | |
| 开本: | 24cm | |
| 丛书名: | ||
| 单 册: | ||
| 中图分类: | G77 | |
| 科图分类: | ||
| 主题词: | 校外教育--jiao wai jiao yu--教育组织机构--运营管理 | |
| 电子资源: | ||
| ISBN: | 978-7-5158-2681-3 | |
| 000 | 01281nam0 2200241 450 | |
| 001 | 0109110012 | |
| 005 | 20201109110331.0 | |
| 010 | @a978-7-5158-2681-3@dCNY39.90 | |
| 100 | @a20201022d2020 em y0chiy50 ea | |
| 101 | 0 | @achi |
| 102 | @aCN@b110000 | |
| 105 | @ay z 000yy | |
| 106 | @ar | |
| 200 | 1 | @a一本书读懂校外托管机构运营与管理@Ayi ben shu du dong xiao wai tuo guan ji gou yun ying yu guan li@f吴金蕊主编 |
| 210 | @a北京@c中华工商联合出版社@d2020.09 | |
| 215 | @a202页@d24cm | |
| 314 | @a吴金蕊,学科教学语文专业硕士,首师大附中很好语文教师、班主任,注重学生个体发展,热爱中国传统文化,曾获上级竞赛二等奖,在《教育》等核心期刊发表多篇论文,参编《数字环境下的著作权保护与合理使用研究》等作品。 | |
| 330 | @a本书从校外托管机构如何开班出发,对校外托管班的规范化管理与运营的各方面进行详细解读,并引入行业很好机构的践行范本。全书从前期准备、手续办理、日常管理、学生管理、饮食问题、安全防范、沟通互动、心理关护等八个方面展开,围绕智慧、健康、安全、素养教育等目标,构建标准化、简单化、多元化的智慧托管环境,给校区管理与家校关系赋能启智,手把手教会打造富有特色的个性化托管机构。 | |
| 606 | 0 | @a校外教育@Ajiao wai jiao yu@x教育组织机构@x运营管理 |
| 690 | @aG77@v5 | |
| 701 | 0 | @a吴金蕊@Awu jin rui@4主编 |
| 801 | 0 | @aCN@bBJSZM@c20201103 |
| 905 | @b1263261-5@dG77@e39@f5 | |
| 一本书读懂校外托管机构运营与管理/吴金蕊主编.-北京:中华工商联合出版社,2020.09 |
| 202页;24cm |
| ISBN 978-7-5158-2681-3:CNY39.90 |
| 本书从校外托管机构如何开班出发,对校外托管班的规范化管理与运营的各方面进行详细解读,并引入行业很好机构的践行范本。全书从前期准备、手续办理、日常管理、学生管理、饮食问题、安全防范、沟通互动、心理关护等八个方面展开,围绕智慧、健康、安全、素养教育等目标,构建标准化、简单化、多元化的智慧托管环境,给校区管理与家校关系赋能启智,手把手教会打造富有特色的个性化托管机构。 |
| ● |
| 相关链接 |
|
|
|
|
正题名:一本书读懂校外托管机构运营与管理
索取号:G77/39
 
预约/预借
| 序号 | 登录号 | 条形码 | 馆藏地/架位号 | 状态 | 备注 |
| 1 | 1263261 | 212632613 | 第一样本阅览室/ [索取号:G77/39] | 在馆 | |
| 2 | 1263262 | 212632622 | 教育系资料室/ [索取号:G77/39] | 在馆 | |
| 3 | 1263263 | 212632631 | 教育系资料室/ [索取号:G77/39] | 在馆 | |
| 4 | 1263264 | 212632640 | 第四借阅区/ [索取号:G77/39] | 在馆 | |
| 5 | 1263265 | 212632659 | 第四借阅区/ [索取号:G77/39] | 在馆 |